Mondaq Ethiopia

Bibliographic Details
Format: eBook
Language:English
Published: Ads̕ Abeba: Mondaq, 2013
Subjects:
Online Access:Acceso restringido

MARC

LEADER 00000nam a22000007a 4500
005 20190516002336.0
007 cr|||| ||||
008 190516s2013 et |||||s|||| 00||0 eng d
035 |a 7105 
040 |a vLex 
090 |c 8717  |d 8717 
245 0 0 |a Mondaq Ethiopia  |h [Recurso electrn̤ico] / 
256 |a Servicio en ln̕ea 
260 |a Ads̕ Abeba:  |b Mondaq,  |c 2013 
300 |a 1 recurso electrn̤ico 
506 1 |a Disponible solo en los productos indicados  |d vLex Global  |d vLex Global (Academic Edition, excluding Law Schools)  |d vLex Global (U.S. Academic Edition, Law Schools)  |d vLex Global (U.S. Academic Edition, excluding Law Schools)  |d vLex Global (Academic Edition, Law Schools) 
650 0 4 |a Derecho Civil  |z Etiopa̕ 
740 0 |a vLex Libros (Servicio en ln̕ea) 
856 4 0 |u http://vlex.com/source/7105  |z Acceso restringido 
942 |c BOOK 
999 0 |a Civil Law